A lakosság kereskedelmi ellátása és érdekvédelme tanácskozott az szmt /
Elmentve itt :
| Szerző: | |
|---|---|
| Dokumentumtípus: | Cikk |
| Megjelent: |
1986-07-03
|
| Sorozat: | Délmagyarország
76 No. 155 |
| Kulcsszavak: | Csongrád megye, Kereskedelem Csongrád megye, Társadalmi szerveződés szakszervezet Csongrád megye |
| Online Access: | http://dmarchiv.bibl.u-szeged.hu/87908 |
| LEADER | 00586nab a2200157 i 4500 | ||
|---|---|---|---|
| 001 | delm87908 | ||
| 005 | 20190913123912.0 | ||
| 008 | 190913s1986 hu o 0|| hun d | ||
| 040 | |a SZTE Délmagyarország Archívum |b hun | ||
| 041 | |a hun | ||
| 100 | 1 | |a Czakó János | |
| 245 | 1 | 2 | |a A lakosság kereskedelmi ellátása és érdekvédelme |h [elektronikus dokumentum] : |b tanácskozott az szmt / |c Czakó János |
| 260 | |c 1986-07-03 | ||
| 300 | |a 1 | ||
| 490 | 0 | |a Délmagyarország |v 76 No. 155 | |
| 695 | |a Csongrád megye, Kereskedelem Csongrád megye, Társadalmi szerveződés szakszervezet Csongrád megye | ||